LEADER 01103nam a2200289 i 4500 001 000000156133 003 CaOOAMICUS 005 20070103000000.0 008 070103s2006 it u000 u ita u 013 $a133488 020 $a88-7357-410-6 040 $aSeMil$bita 100 1 $aWitwer, Toni.$0(OLS)http://semarc/name/61045 245 10$aSpiritualitą sacramentale nella vita quotidiana /$cToni Witwer. 260 $aRoma :$bAdP,$ccopyr. 2006. 300 $a269 p. ;$c22 cm. 490 0 $aTeologia e vita 500 $aDono del Card. Dionigi Tettamanzi. 650 4$aTeologia sacramentaria.$0(OLS)http://semarc/subject/749 830 0$aTeologia e vita.$0(OLS)http://semarc/title/8346 850 $aSeMil 852 $aSeMil$W1$xVenegono$y1$m2D III 206$j107935$B107935$CSeMilBibl$Z2$F118997 $81 941 1 $a5 961 $aOmaggio: Tettamanzi Card. Dionigi 996 $6020$a88-7357-410-6$9(OLS)http://semarc/number/146265 996 $6245$aSpiritualitą sacramentale nella vita quotidiana$9(OLS)http://semarc/title/228813 996 $6260$aRoma :$bAdP$9(OLS)http://semarc/publisher/32136 LEADER 00867nam a2200229 i 4500 001 000000182163 003 CaOOAMICUS 005 20161220000000.0 008 161220s1950 it u000 u ita u 013 $a160099 040 $aSeMil$bita 100 1 $aMicolajczyk, Stanislaw.$0(OLS)http://semarc/name/67170 245 13$aLe colpe dei grandi /$cdi Stanislaw Micolajczyk. 260 $aMilano :$bLonganesi,$cc1950. 300 $a468 p. ;$c18 cm. 490 0 $aIl mondo nuovo ;$v21 830 3$aIl mondo nuovo ;$v21.$0(OLS)http://semarc/title/7210 850 $aSeMil 852 $aSeMil$W1$xVenegono$y1$m1V I 315$j132867$B132867$CSeMilBibl$Z2$F216450 $81 961 $aOmaggio: Grampa dott. Cesare 996 $6245$aLe colpe dei grandi$9(OLS)http://semarc/title/261422 996 $6260$aMilano :$bLonganesi$9(OLS)http://semarc/publisher/30008